Educación y globalización: los discursos educativos en Iberoamérica

Spremljeno u:
Bibliografski detalji
Glavni autor: Bello, María Eugenia (Autor)
Format: Knjiga
Jezik:španjolski
Izdano: Barcelona Anthropos 2003
Izdanje:1a. ed
Serija:Repensar la Educación Desde la Actualidad, 4
Teme:
Oznake: Dodaj oznaku
Bez oznaka, Budi prvi tko označuje ovaj zapis!

MARC

LEADER 00000nam a2200000 a 4500
001 UCK3722
003 CL-VaPUC
008 050506e20030000SP |||||||||||||||||spa|d
020 |a 847658654X 
082 0 4 |a 370.98  |b BEL  |2 21 
100 0 |a Bello, María Eugenia  |e author  |9 491939 
245 1 0 |a Educación y globalización: los discursos educativos en Iberoamérica 
250 |a 1a. ed 
300 |a 383 p 
942 |c BK 
945 |d 20050506 00:00:00  |a jcarroza 
260 |a Barcelona  |b Anthropos  |c 2003 
650 0 |a Educación  |9 258661 
650 0 |a Globalización  |9 361930 
651 0 |a América Latina   |9 255027 
583 |a last modification  |c 20050506 00:00:00  |k Rodrigo Vera 
490 0 |a Repensar la Educación Desde la Actualidad, 4 
999 |c 312816  |d 312814 
952 |0 0  |1 0  |4 0  |6 370_980000000000000_BEL_2003  |7 0  |8 A  |9 383651  |a BIBEDU  |b BIBEDU  |d 2019-11-21  |i 4119886  |o 370.98 BEL 2003  |p 4119886  |r 2019-11-21  |w 2019-11-21  |y BK  |k EBA